Ekonomická teorie a dynamická teorie nelineárních systémů.

Metódy a prostriedky dynamického modelovania nelineárnych ekonomických systémov. Nelineárna dynamika všeobecných systémov vyjadrená nelineárnymi diferenciálnymi rovnicami. Formulácia a analýza Kaldorovho rastového modelu. Využitie metódy kvalitatívnej teórie diferenciálnych rovníc.

Guardado en:
Detalles Bibliográficos
Autor principal: Kodera, Jan
Formato: Capítulo de libro
Lenguaje:checo
Materias:
Etiquetas: Agregar Etiqueta
Sin Etiquetas, Sea el primero en etiquetar este registro!

MARC

LEADER 00000naa a2200000 4500
001 r003299
005 20221125065111.6
041 0 |a cze 
044 |a [CS] 
245 1 0 |a Ekonomická teorie a dynamická teorie nelineárních systémů.  |c J. Kodera 
520 |a Metódy a prostriedky dynamického modelovania nelineárnych ekonomických systémov. Nelineárna dynamika všeobecných systémov vyjadrená nelineárnymi diferenciálnymi rovnicami. Formulácia a analýza Kaldorovho rastového modelu. Využitie metódy kvalitatívnej teórie diferenciálnych rovníc. 
610 2 0 |a modely dynamické 
610 2 0 |a modely rastu 
610 2 0 |a metódy matematické 
610 2 0 |a systémy ekonomické 
610 2 0 |a teória systémov všeobecná 
100 1 |a Kodera, Jan